000 00862nam a2200277 i 4500
001 bg
100 1 _aKrawiec, Krzysztof.
245 1 0 _aUczenie maszynowe i sieci neuronowe /
_cKrzysztof Krawiec, Jerzy Stefanowski.
250 _aWyd. 2
260 _aPoznań :
_bWydawnictwo Politechniki Poznańskiej,
_c2004.
300 _a151 s. :
_brys., wykr. ;
_c24 cm.
504 _aBibliogr. s. 147-151.
650 9 _aSieci neuronowe
650 9 _aUczenie się maszyn
655 _aPodręczniki akademickie
700 1 _aStefanowski, Jerzy.
020 _a8371434553
040 _cBPK
041 0 _apol
044 _aPOL
080 _a004.8:004.4:007.5:004.032.26](075.8)
920 _a83-7143-455-3
942 _cKS
008 s pl f |000 0 pol
999 _c54670
_d54670
856 _uhttp://koha.tu.koszalin.pl/cgi-bin/koha/opac-detail.pl?biblionumber=54670
_yKatalog online BPK